| 000 | 00348 a2200157 4500 | ||
|---|---|---|---|
| 001 | 153009 | ||
| 040 | _cEscola São Tomás de Aquino | ||
| 100 | _aLISPECTOR, Clarice | ||
| 240 | 1 | 0 |
_aA hora da estrela _lpor |
| 245 | 1 | 0 | _aA hora da estrela |
| 300 | _a87 | ||
| 362 | 0 | _a1998 | |
| 440 | 1 | _aRocco | |
| 697 | _aLITERATURA BRASILEIRA | ||
| 942 | _cBK | ||
| 999 |
_c153009 _d153009 |
||